Normal view
MARC view
Entry Geographic Name
001 - CONTROL NUMBER
- control field: 4545
003 - CONTROL NUMBER IDENTIFIER
- control field: BD-RjUL
005 - DATE AND TIME OF LATEST TRANSACTION
- control field: 20220830114357.0
008 - FIXED-LENGTH DATA ELEMENTS
- fixed length control field: 220830|| aca||aabn | a|a d
040 ## - CATALOGING SOURCE
- Original cataloging agency: BD-RjUL
- Transcribing agency: BD-RjUL
151 ## - HEADING--GEOGRAPHIC NAME
- Geographic name: Bangladesh
- General subdivision: Political culture
670 ## - SOURCE DATA FOUND
- Source citation: Work cat.: (BD-RjUL)80259: মৈত্র, রণেশ 4543, রুদ্ধ চিন্তায় আচ্ছন্ন রাজনীতি / , ২০১৩